हरिशंकर परसाई संचयन/ (Record no. 208148)
[ view plain ]
| 000 -LEADER | |
|---|---|
| fixed length control field | 00826nam a22001937a 4500 |
| 005 - DATE AND TIME OF LATEST TRANSACTION | |
| control field | 20250113135059.0 |
| 010 ## - LCCN (DPL NO) | |
| LC control number | HIN-129171 |
| 020 ## - INTERNATIONAL STANDARD BOOK NUMBER | |
| International Standard Book Number | 9789387919617 |
| Terms of availability | 750.00 |
| 035 ## - SYSTEM CONTROL NUMBER | |
| System control number | HN-101517 |
| 037 ## - SOURCE OF ACQUISITION | |
| Source of stock number/acquisition | DBAD |
| 082 ## - DEWEY DECIMAL CLASSIFICATION NUMBER | |
| Classification number | 820.92 |
| 100 ## - MAIN ENTRY--PERSONAL NAME | |
| Personal name | नागर, विष्णु |
| 245 ## - TITLE STATEMENT | |
| Title | हरिशंकर परसाई संचयन/ |
| Statement of responsibility, etc | विष्णु नागर |
| 250 ## - EDITION STATEMENT | |
| Edition statement | प्रथम |
| 260 ## - PUBLICATION, DISTRIBUTION, ETC. (IMPRINT) | |
| Place of publication, distribution, etc | नई दिल्ली |
| Name of publisher, distributor, etc | भारतीय ज्ञानपीठ |
| Date of publication, distribution, etc | 2019 |
| 270 ## - ADDRESS | |
| Address | 18, इंस्टिट्यूटशनल एरिया, लोदी रोड |
| City | नई दिल्ली |
| Postal code | 110003 |
| Telephone number | 011-24698417 |
| -- | 9350536020 |
| Electronic mail address | bjnanpith@gmail.com |
| 300 ## - PHYSICAL DESCRIPTION | |
| Extent | 494 पृ. |
| Dimensions | 23 सेमी (सजिल्द ) |
| 942 ## - ADDED ENTRY ELEMENTS (KOHA) | |
| Source of classification or shelving scheme | Dewey Decimal Classification |
| Item type | Hindi Books |
| Classification part | 820.92 |
| Call number suffix | नागर |
| Withdrawn status | Lost status | Not for loan | Collection code | Home library | Current library | Date acquired | Source of acquisition | Cost, normal purchase price | Full call number | Barcode | Copy number | Cost, replacement price | Koha item type |
|---|---|---|---|---|---|---|---|---|---|---|---|---|---|
| Non-fiction | Kadipur | Kadipur | 07/01/2025 | DBAD | 750.00 | 820.92 नागर | HN-101517 | 1 | 750.00 | Hindi Books |
